Pharmaceutical Process Engineering (Record no. 6146)

MARC details
000 -LEADER
fixed length control field 00621nam a22002177a 4500
003 - CONTROL NUMBER IDENTIFIER
control field OSt
005 - DATE AND TIME OF LATEST TRANSACTION
control field 20181002183619.0
008 - FIXED-LENGTH DATA ELEMENTS--GENERAL INFORMATION
fixed length control field 181002b xxu||||| |||| 00| 0 eng d
020 ## - INTERNATIONAL STANDARD BOOK NUMBER
International Standard Book Number 9781420084757
040 ## - CATALOGING SOURCE
Transcribing agency DNLM
082 ## - DEWEY DECIMAL CLASSIFICATION NUMBER
Classification number QV744 H526p 2009
100 ## - MAIN ENTRY--PERSONAL NAME
Personal name Hickey, Anthony J.; Ganderton, David.
9 (RLIN) 12699
245 ## - TITLE STATEMENT
Title Pharmaceutical Process Engineering
250 ## - EDITION STATEMENT
Edition statement 2nd ed. Vol.195
260 ## - PUBLICATION, DISTRIBUTION, ETC. (IMPRINT)
Place of publication, distribution, etc. New York; Informa, 2009
300 ## - PHYSICAL DESCRIPTION
Extent xiv,222p; ill: 24cm
504 ## - BIBLIOGRAPHY, ETC. NOTE
Bibliography, etc References, bibliography, & index included
650 ## - SUBJECT ADDED ENTRY--TOPICAL TERM
Topical term or geographic name as entry element Pharmaceutical engineering
9 (RLIN) 11988
650 ## - SUBJECT ADDED ENTRY--TOPICAL TERM
Topical term or geographic name as entry element Drugs
9 (RLIN) 1642
942 ## - ADDED ENTRY ELEMENTS (KOHA)
Source of classification or shelving scheme Other/Generic Classification Scheme
Koha item type Short Loan
Holdings
Withdrawn status Lost status Source of classification or shelving scheme Damaged status Not for loan Home library Current library Date acquired Source of acquisition Inventory number Total Checkouts Full call number Barcode Date last seen Koha item type
    Other/Generic Classification Scheme     Pharmacy Department Library Pharmacy Department Library 02/10/2018   11/00241   QV744 H526p 2009 2018-0351 02/10/2018 Short Loan